000 00710nam a2200265Ia 4500
001 41376
005 20240114003417.0
007 ta
008 080313s1976 g b000 u 465 u
020 _a0-87950-001-8
040 _aCotton College,Assam
041 _a465
082 _a492.703
_bCo 838 Di
100 _aCowan, J M .
245 0 _aA Dictionary of Modern written Arabic /
_cJ M Cowan.
_hTextual Documents
250 _a3rd ed /
260 _aNew York :
_bSpoken language Service ,
_c1976.
300 _e`.
653 _aDictionary-Arabic
653 _aArabicLanguage-Dictionaries-English
653 _aPG-Arabic
942 _2ddc
_cBK
999 _c41344
_d41344